Lemberg - zabytyj centr Evropy
| Titel: | Lemberg - zabytyj centr Evropy = Lemberg : die vergessene Mitte Europas = Lemberg - zabutyj centr Jevropy / Lutc K. Kleveman |
|---|---|
| Verfasser: | |
| Ausgabe: | Literaturno-chudožnje vydannja |
| Veröffentlicht: | Charʹkov : "Prava Ljudini", [2022] |
| Umfang: | 351 Seiten : Illustrationen ; 21 cm |
| Format: | Buch |
| Sprache: | Russisch |
| Einheitssachtitel: | Lemberg |
| ISBN: | 9786178186043 |
| Hinweise zum Inhalt: |
Cover
Inhaltsverzeichnis Buch Bibliographie |
alg: 50733976 001A $06000:27-04-23 001B $01999:04-12-25 $t22:12:27.000 001D $03004:11-11-24 001U $0utf8 001X $00 002@ $0Aau 002C $aText $btxt $2rdacontent 002D $aohne Hilfsmittel zu benutzen $bn $2rdamedia 002E $aBand $bnc $2rdacarrier 003@ $0507339762 003O $01377495417 $aOCoLC 004A $A978-617-8186-04-3 $fBroschur 006G $01277767815 006U $023,A17 $f20230111 007A $01277767815 $aDNB 007G $0 009P $qapplication/pdf $A2 $3Cover $uhttp://scans.hebis.de/HEBCGI/show.pl?50733976_cov.pdf $mV:DE-603;B:DE-Mb50 009P $qapplication/pdf $A2 $3Inhaltsverzeichnis $uhttp://scans.hebis.de/HEBCGI/show.pl?50733976_toc.pdf $mV:DE-603;B:DE-Mb50 009P $qapplication/pdf $A2 $3Buch Bibliographie $uhttp://scans.hebis.de/HEBCGI/show.pl?50733976_bib.pdf $mV:DE-603;B:DE-Mb50 010@ $arus $cger 010E $erda 011@ $a2022 $n[2022] 021A $aLemberg - zabytyj centr Evropy $T01 $ddie vergessene Mitte Europas $dLemberg - zabutyj centr Jevropy $ULatn $fLemberg $hLutc K. Kleveman 021A $aЛемберг - забытый центр Европы $T01 $ddie vergessene Mitte Europas $dЛемберг - забутий центр Європи $UCyrl $fLemberg $hЛутц К. Клевеман 022A $aLemberg 028A $BVerfasser $#Kleveman, Lutz C. $#Kleveman, Lutz K. $#Kleveman, Lutc K. $4aut $7124091652 $8Kleveman, Lutz$Z1974- [Tp1] $9154853402 032@ $aLiteraturno-chudožnje vydannja 033A $pCharʹkov $T01 $ULatn $n"Prava Ljudini" 033A $pХарьков $T01 $UCyrl $n"Права Людини" 034D $a351 Seiten 034I $a21 cm 034M $aIllustrationen 044K $qDNB $#Lemberg $#Львів $#Leontopolis $#Leopolis $#Leopoli $#Léopol $#Lwów $#Lwow $#L'vov $#Lwiw $#L'viv $#Lʹviv vor 1919 $#Lviv $#Lvovas $74035304-7 $8Lemberg [Tg1] $9085095230 045E $c940 045F $a947.79 $eDDC23ger 045F/01 $a947.7 045F/03 $g4779 045G $a307.094380904 $eDDC23BSB 045G/01 $a307.09 045G/03 $f0904 045G/03 $g438 045G/03 $g477 045R $aGeschichte 046L $aText russisch; kyrillische Schrift lok: 50733976 24 exp: 50733976 24 1 #EPN 201B/01 $011-11-24 $t16:52:42.000 201C/01 $011-11-24 201U/01 $0utf8 203@/01 $01283124815 208@/01 $a11-11-24 $bz 209A/01 $a24.06925 $du $f050 $h24 06925 $x00 209C/01 $a24.06925 K $h24 06925 K 209G/01 $a74757740 $x00 220C/01 $ajwa 247C/01 $8358050-7Marburg, Bibliothek des Herder-Instituts Marburg $9102600961 lok: 50733976 78 exp: 50733976 78 1 #EPN 201B/01 $004-05-23 $t08:17:40.000 201C/01 $004-05-23 201U/01 $0utf8 203@/01 $01233302957 208@/01 $a04-05-23 $be 209A/01 $a/ $f000 $x00 209A/01 $ab*p $x01 220C/01 $apgar 244Z/01 $#Generalgouvernement Polen $#Polska $#Rzeczpospolita Polska $#Polska Rzeczpospolita Ludowa $#Poland $#Pologne $#République Polonaise $#Generalne Gubernatorstwo w Polsce $#Polish People's Republic $#Polska Rzeczpospolita Polen $#PRL $#RP $#Polen Generalgouvernement $#Polska Generalgouvernement $#Besetzte Polnische Gebiete $#Besetztes Gebiet in Polen $#Okupowane Polskie Obszary $#Obszary Okupowane w Polsce $#Volksrepublik Polen $#Polska Rosyjska $#Republic Polen $#Respublika Pol'ša $#Pol'skaja Narodnaja Respublika $#République de Pologne $#Polen Links der Weichsel $#Polska po Lewej Stronie Wisły $#Lenkija $#Polija $#Gubernija Carstva Pol'skago $#Republik Polen $74046496-9 $8--Tg1--Polen $x01 $9085129801 247C/01 $82080>Marburg/Lahn, Herder-Institut, Forschungsbibliothek, Bibliographieportal $9336309341
| LEADER | 00000cam a2200000 c 4500 | ||
|---|---|---|---|
| 001 | 507339762 | ||
| 003 | DE-603 | ||
| 005 | 20251204221227.0 | ||
| 007 | tu | ||
| 008 | 230427s2022 xx |||| | u00||u|rus | ||
| 015 | |a 23,A17 |2 dnb | ||
| 016 | 7 | |2 DE-101 |a 1277767815 | |
| 020 | |a 9786178186043 |c Broschur | ||
| 035 | |a (DE-599)DNB1277767815 | ||
| 035 | |a (OCoLC)1377495417 | ||
| 040 | |a DE-603 |b ger |c DE-603 |d DE-603 |e rda | ||
| 041 | |a rus |h ger | ||
| 082 | 0 | 4 | |8 1\u |a 947.79 |q DE-101 |2 23/ger |
| 083 | 0 | |8 2\u |a 307.094380904 |q DE-101 |2 23/BSB | |
| 084 | |a 940 |q DE-101 |2 sdnb | ||
| 085 | |8 1\u |b 947.7 | ||
| 085 | |8 1\u |z 2 |s 4779 | ||
| 085 | |8 2\u |b 307.09 | ||
| 085 | |8 2\u |z 1 |s 0904 | ||
| 085 | |8 2\u |z 2 |s 438 | ||
| 085 | |8 2\u |z 2 |s 477 | ||
| 100 | 1 | |a Kleveman, Lutz |d 1974- |e Verfasser |4 aut |0 (DE-603)154853402 |0 (DE-588)124091652 |2 gnd | |
| 240 | 1 | 0 | |a Lemberg |
| 245 | 0 | 0 | |6 880-01/Latn |a Lemberg - zabytyj centr Evropy |b = Lemberg : die vergessene Mitte Europas = Lemberg - zabutyj centr Jevropy |c Lutc K. Kleveman |
| 250 | |a Literaturno-chudožnje vydannja | ||
| 264 | 1 | |6 880-02/Latn |a Charʹkov |b "Prava Ljudini" |c [2022] | |
| 300 | |a 351 Seiten |b Illustrationen |c 21 cm | ||
| 336 | |a Text |b txt |2 rdacontent | ||
| 337 | |a ohne Hilfsmittel zu benutzen |b n |2 rdamedia | ||
| 338 | |a Band |b nc |2 rdacarrier | ||
| 546 | |a Text russisch; kyrillische Schrift | ||
| 648 | 7 | |a Geschichte |2 gnd | |
| 651 | 7 | |a Lemberg |0 (DE-588)4035304-7 |0 (DE-603)085095230 |2 gnd | |
| 856 | 4 | 2 | |m V:DE-603;B:DE-Mb50 |q application/pdf |u http://scans.hebis.de/HEBCGI/show.pl?50733976_cov.pdf |3 Cover |
| 856 | 4 | 2 | |m V:DE-603;B:DE-Mb50 |q application/pdf |u http://scans.hebis.de/HEBCGI/show.pl?50733976_toc.pdf |3 Inhaltsverzeichnis |
| 856 | 4 | 2 | |m V:DE-603;B:DE-Mb50 |q application/pdf |u http://scans.hebis.de/HEBCGI/show.pl?50733976_bib.pdf |3 Buch Bibliographie |
| 880 | 1 | |6 264-02/Cyrl |a Харьков |b "Права Людини" |c [2022] | |
| 880 | 0 | 0 | |6 245-01/Cyrl |a Лемберг - забытый центр Европы |b = Lemberg : die vergessene Mitte Europas = Лемберг - забутий центр Європи |c Лутц К. Клевеман |
| 924 | 0 | |9 Mb 50 |a (DE-603)1283124815 |b DE-Mb50 |c HES |d c |g 24.06925 | |
| 924 | 0 | |9 2080 |a (DE-603)1233302957 |b DE-2080 |c HES |d d |g / | |


